书目信息 |
| 题名: |
当代中国社会结构变迁与流动
|
|
| 作者: | 许欣欣 著 | |
| 分册: | ||
| 出版信息: | 北京 社会科学文献出版社 2000 |
|
| 页数: | 340页 | |
| 开本: | 20cm | |
| 丛书名: | 现代社会学文库 | |
| 单 册: | ||
| 中图分类: | C51 | |
| 科图分类: | ||
| 主题词: | 社会科学--丛书 , 社会结构--研究--中国--现代 | |
| 电子资源: | ||
| ISBN: | 7-80149-356-7 | |
| 000 | 00694nam0 2200229 45 | |
| 001 | 0207011693 | |
| 005 | 20031219104056.9 | |
| 010 | @a7-80149-356-7@dCNY19.80 | |
| 100 | @a20020701d2000 km y0chiy0120 ea | |
| 101 | 0 | @achi |
| 105 | @a z 000yy | |
| 200 | 1 | @a当代中国社会结构变迁与流动@ADang Dai Zhong Guo She Hui Jie Gou Bian Qian Yu Liu Dong@f许欣欣著@FXu Xin Xin Zhu |
| 210 | @a北京@c社会科学文献出版社@d2000 | |
| 215 | @a340页@d20cm | |
| 225 | @a现代社会学文库 | |
| 410 | @12001 @a现代社会学文库 | |
| 606 | 0 | @a社会科学@x丛书 |
| 606 | 0 | @a社会结构@x研究@y中国@z现代 |
| 690 | @aC51@v4 | |
| 701 | 0 | @a许欣欣@4著 |
| 801 | @aCN@bTSTC@c20020701 | |
| 905 | @b313258-267@dC51@e114:6@f10 | |
| 当代中国社会结构变迁与流动/许欣欣著.-北京:社会科学文献出版社,2000 |
| 340页;20cm.-(现代社会学文库) |
| ISBN 7-80149-356-7:CNY19.80 |
| ● |
| 相关链接 |
|
|
|
|
正题名:当代中国社会结构变迁与流动
索取号:C51/114:6
 
预约/预借
| 序号 | 登录号 | 条形码 | 馆藏地/架位号 | 状态 | 备注 |
| 1 | 0313258 | 203132582 | 密集书库/ [索取号:C51/114:6] | 在馆 | |
| 2 | 0313259 | 203132591 | 密集书库/ [索取号:C51/114:6] | 在馆 | |
| 3 | 0313260 | 203132608 | 第一借阅区/ [索取号:C51/114:6] | 在馆 | |
| 4 | 0313261 | 203132617 | 教育系资料室/ [索取号:C51/114:6] | 在馆 | |
| 5 | 0313262 | 203132626 | 教育系资料室/ [索取号:C51/114:6] | 在馆 | |
| 6 | 0313263 | 203132635 | 密集书库/ [索取号:C51/114:6] | 在馆 | |
| 7 | 0313264 | 203132644 | 密集书库/ [索取号:C51/114:6] | 在馆 | |
| 8 | 0313265 | 203132653 | 密集书库/ [索取号:C51/114:6] | 在馆 | |
| 9 | 0313266 | 203132662 | 第一借阅区/ [索取号:C51/114:6] | 在馆 | |
| 10 | 0313267 | 203132671 | 第一样本阅览室/ [索取号:C51/114:6] | 在馆 |